000 00456nam a2200181Ia 4500
001 19536
005 20260306172700.0
008 260306t2014||||xx |||||||||||||| ||spa||
041 _aESP
082 _a340.2
_bP72
100 _aPoder Judicial del Perú
_eAUT
245 0 _aJurisprudencia sistematizada:
_bejecutorias vinculantes
260 _c2014
300 _a198 páginas :
_c23 cm.
650 _aGEN
654 _aCDE
942 _cLIB
_dJUS
_fJUS
_2ddc
_n
999 _c19536
_d19536